000 01203nab a2200217 i 4500
001 768714001
003 CO-MdFUSB
005 20240531062756.0
008 240506t1968 sp ||||| |||| 00| 0 spa d
040 _bspa
_cCO-MdFUSB
_dCO-MdFUSB
041 _aspa
100 _aGaraudy, Roger,
_eautor
245 3 _aLo que espera un no cristiano de la iglesia en el problema de la formación y del desarrollo de las normas de la vida pública
_c/ Roger Garaudy
520 _aLa actitud de la iglesia hacia la formación y desarrollo de normas morales públicas está relacionada con la imagen del cristianismo que los no cristianos tienen en común desde al menos finales del siglo XX, de los teólogos y los cristianos en general. La característica más notable del cristianismo en esa época es presentarse como un cristianismo en marcha.
650 2 _aConciencia (Moral)
_9927
650 7 _aAntropología cultural y social
_96714
650 7 _aCristianismo
_2
_922
773 0 _049450
_982595
_oR2525
_tRevista internacional de teología Concilium
_w(CO-MdFUSB)8
_x0210-1041
_gNúmero 35, (mayo, 1968), páginas: 214 - 237
_qpágina: 214
942 _cANA
945 _aCatherine Arias Alvarez - Practicante SENA
999 _c69531
_d69531